000 00247nam a2200097Ia 4500
001 754543
005 20250826164742.0
008 250824s9999 xx 000 0 und d
245 0 _aTÜRKLERİN UYANIŞI
_cRAMAZAN ATEŞ
260 _bYEDİVEREN YAYINLARI
999 _c754543
_d754543